Kapitálový trh, burzy a účetní informace.

Prehľad účtovných informácií, potrebných pre burzy cenných papierov, ale i pre hodnotenie podnikov, ktorých akcie sú kótované na burze. Spôsob, akým účtovné informácie ovplyvňujú vývoj trhu na burze a aké požiadavky kladú burzy na tieto informácie.

Salvato in:
Dettagli Bibliografici
Autore principale: Schroll, R.
Natura: Capitolo di libro
Lingua:ceco
Soggetti:
Tags: Aggiungi Tag
Nessun Tag, puoi essere il primo ad aggiungerne!!

MARC

LEADER 00000naa a2200000 4500
001 r008131
005 20220831091028.6
041 0 |a cze 
044 |a [CS] 
245 1 0 |a Kapitálový trh, burzy a účetní informace.  |c R. Schroll 
520 |a Prehľad účtovných informácií, potrebných pre burzy cenných papierov, ale i pre hodnotenie podnikov, ktorých akcie sú kótované na burze. Spôsob, akým účtovné informácie ovplyvňujú vývoj trhu na burze a aké požiadavky kladú burzy na tieto informácie. 
610 2 0 |a trh kapitálový 
610 2 0 |a burzy 
610 2 0 |a účtovníctvo 
610 2 0 |a papiere cenné 
610 2 0 |a výkazy účtovné 
610 2 0 |a akcie 
610 2 0 |a výsledovka 
610 2 0 |a uzávierka účtovná 
610 2 0 |a súvaha 
100 1 |a Schroll, R.